| 000 | 00598nam a22001937a 4500 | ||
|---|---|---|---|
| 005 | 20251108164032.0 | ||
| 008 | 250721s1998 xx 000 0 ara d | ||
| 082 | 1 | 4 | _a418.1/شحا |
| 100 | 1 | _aشحاتة، حسن | |
| 245 | 1 | 0 | _aقواعد الإملاء العربي بين النظرية و التطبيق / |
| 264 | 1 |
_aالقاهرة : _bالدار العربية، _c1998. |
|
| 300 | _a157ص | ||
| 650 | 1 | 7 | _aالإملاء |
| 650 | 1 | 7 | _aتدريس الإملاء |
| 650 | 1 | 7 | _aعلامات الترقيم |
| 700 | 1 | _aحسنين، أحمد طاهر | |
| 942 |
_2ddc _cBK |
||
| 999 |
_c1961 _d1961 |
||